Storia del teatro drammatico / (Registro nro. 2642)
[ vista simple ]
| 000 -CABECERA | |
|---|---|
| campo de control de longitud fija | 00765cam a2200253 a 4500 |
| 001 - NÚMERO DE CONTROL | |
| campo de control | 000002808 |
| 005 - FECHA Y HORA DE LA ÚLTIMA TRANSACCIÓN | |
| campo de control | 20200929150249.0 |
| 008 - DATOS DE LONGITUD FIJA--INFORMACIÓN GENERAL | |
| campo de control de longitud fija | 730208s1968 it 001 0 ita |
| 035 ## - NÚMERO DE CONTROL DEL SISTEMA | |
| Número de control de sistema | (DLC) 68141814 |
| 035 ## - NÚMERO DE CONTROL DEL SISTEMA | |
| Número de control de sistema | (OCoLC)555479 |
| 040 ## - FUENTE DE LA CATALOGACIÓN | |
| Centro catalogador/agencia de origen | DO-SdBNP |
| Centro/agencia transcriptor | PPT |
| Centro/agencia modificador | DLC |
| 050 00 - SIGNATURA TOPOGRÁFICA DE LA BIBLIOTECA DEL CONGRESO | |
| Número de clasificación | PN2105 |
| Número de documento/Ítem | .A662 |
| 082 ## - NÚMERO DE LA CLASIFICACIÓN DECIMAL DEWEY | |
| Número de clasificación | nn |
| Número de documento/Ítem | A516s, 1968 |
| 049 ## - FONDOS LOCALES (OCLC) | |
| Fondos de biblioteca | BNGR |
| 100 1# - ENTRADA PRINCIPAL--NOMBRE DE PERSONA | |
| Nombre de persona | Amico, Silvio d', |
| Fechas asociadas al nombre | 1887-1955. |
| 9 (RLIN) | 8875 |
| 245 10 - MENCIÓN DE TÍTULO | |
| Título | Storia del teatro drammatico / |
| Mención de responsabilidad, etc. | Silvio d'Amico. |
| 250 ## - MENCIÓN DE EDICIÓN | |
| Mención de edición | 5a ed., riveduta ed ampliata. |
| 260 ## - PUBLICACIÓN, DISTRIBUCIÓN, ETC. | |
| Lugar de publicación, distribución, etc. | Milano, (Italy) : |
| Nombre del editor, distribuidor, etc. | Garzanti, |
| Fecha de publicación, distribución, etc. | 1968. |
| 300 ## - DESCRIPCIÓN FÍSICA | |
| Extensión | 4 v. : |
| Otras características físicas | il. ; |
| Dimensiones | 27 cm. |
| 504 ## - NOTA DE BIBLIOGRAFÍA, ETC. | |
| Nota de bibliografía, etc. | Incluye bibliografía . |
| 650 #0 - PUNTO DE ACCESO ADICIONAL DE MATERIA--TÉRMINO DE MATERIA | |
| Término de materia o nombre geográfico como elemento de entrada | Theater |
| Subdivisión general | History. |
| 9 (RLIN) | 8876 |
| 650 #0 - PUNTO DE ACCESO ADICIONAL DE MATERIA--TÉRMINO DE MATERIA | |
| Término de materia o nombre geográfico como elemento de entrada | Drama |
| Subdivisión general | History and criticism. |
| 9 (RLIN) | 8877 |
| 910 ## - DATOS DE OPCIÓN DEL USUARIO (OCLC) | |
| Datos de opción del usuario | Catalogación por copia / LC |
| Estado de retiro | Estado de pérdida | Restricciones de uso | No para préstamo | Código de colección | Localización permanente | Ubicación/localización actual | Ubicación en estantería | Fecha de adquisición | Número de inventario | Total de préstamos | Signatura topográfica completa | Código de barras | Fecha visto por última vez | Precio válido a partir de | Tipo de ítem Koha |
|---|---|---|---|---|---|---|---|---|---|---|---|---|---|---|---|
| Préstamo interno | Monografías: Libros y Folletos | General | General | En catalogación | 03.07.2009 | LF1 | nn A516s, 1968 | 2808-10 | 25.06.2020 | 25.06.2020 | Préstamo interno |
